Fotoelectroquímica de semiconductores: su aplicación a la conversión y almacenamiento de energía solar
Spremljeno u:
| Glavni autor: | |
|---|---|
| Format: | Knjiga |
| Jezik: | španjolski |
| Izdano: |
Barcelona
Reverté
2010
|
| Teme: | |
| Oznake: |
Dodaj oznaku
Bez oznaka, Budi prvi tko označuje ovaj zapis!
|
MARC
| LEADER | 00000nam a2200000 a 4500 | ||
|---|---|---|---|
| 001 | UCG4250 | ||
| 003 | CL-VaPUC | ||
| 008 | 101021e20100000SP |||||||||||||||||spa|d | ||
| 020 | |a 9788429170719 | ||
| 082 | 0 | 4 | |a 541.37 |b GON |2 21 |
| 100 | 0 | |a González Velasco, Jaime |e author |9 553593 | |
| 245 | 1 | 0 | |a Fotoelectroquímica de semiconductores: su aplicación a la conversión y almacenamiento de energía solar |
| 300 | |a 724 p | ||
| 942 | |c BK | ||
| 945 | |d 20101021 00:00:00 |a mfarfan | ||
| 260 | |a Barcelona |b Reverté |c 2010 | ||
| 650 | 0 | |a Electroquímica |9 263973 | |
| 650 | 0 | |a Semiconductores |9 260250 | |
| 650 | 7 | |a ELECTRODOS |2 CL-VaPUC |9 306983 | |
| 650 | 7 | |a FOTOELECTROQUIMICA |2 CL-VaPUC |9 473725 | |
| 583 | |a last modification |c 20101021 00:00:00 |k Rodrigo Vera | ||
| 999 | |c 343072 |d 343070 | ||
| 952 | |0 0 |1 0 |4 0 |6 541_370000000000000_GON_2010 |7 0 |8 A |9 440015 |a BIBCUR |b BIBCUR |d 2019-11-22 |i 4728580 |o 541.37 GON 2010 |p 4728580 |r 2025-04-22 |w 2019-11-22 |y BK |k QUI | ||
| 952 | |0 0 |1 0 |4 0 |6 541_370000000000000_GON_2010 |7 0 |8 A |9 440016 |a BIBCUR |b BIBCUR |d 2019-11-22 |i 4728599 |o 541.37 GON 2010 |p 4728599 |r 2025-04-22 |w 2019-11-22 |y BK |k QUI | ||
| 952 | |0 0 |1 0 |4 0 |6 541_370000000000000_GON_2010 |7 0 |8 A |9 440017 |a BIBCUR |b BIBCUR |d 2019-11-22 |i 4728602 |o 541.37 GON 2010 |p 4728602 |r 2025-04-22 |w 2019-11-22 |y BK |k QUI | ||
| 952 | |0 0 |1 0 |4 0 |6 541_370000000000000_GON_2010 |7 0 |8 A |9 440018 |a BIBCUR |b BIBCUR |d 2019-11-22 |i 4728610 |o 541.37 GON 2010 |p 4728610 |r 2025-04-22 |w 2019-11-22 |y BK |k QUI | ||
| 952 | |0 0 |1 0 |4 0 |6 541_370000000000000_GON_2010 |7 0 |8 A |9 440019 |a BIBCUR |b BIBCUR |d 2019-11-22 |i 4728629 |o 541.37 GON 2010 |p 4728629 |r 2025-04-22 |w 2019-11-22 |y BK |k QUI | ||
| 952 | |0 0 |1 0 |4 0 |6 541_370000000000000_GON_2010 |7 0 |8 A |9 440020 |a BIBCUR |b BIBCUR |d 2019-11-22 |i 4735447 |l 1 |o 541.37 GON 2010 |p 4735447 |r 2025-04-22 |s 2023-04-28 |w 2019-11-22 |y BK |k QUI | ||
| 952 | |0 0 |1 0 |4 0 |6 541_370000000000000_GON_2010 |7 0 |8 A |9 440021 |a BIBCUR |b BIBCUR |d 2019-11-22 |i 4735455 |o 541.37 GON 2010 |p 4735455 |r 2025-04-22 |w 2019-11-22 |y BK |k QUI | ||
| 952 | |0 0 |1 0 |4 0 |6 541_370000000000000_GON_2010 |7 0 |8 A |9 440022 |a BIBCUR |b BIBCUR |d 2019-11-22 |i 4735463 |o 541.37 GON 2010 |p 4735463 |r 2025-04-22 |w 2019-11-22 |y BK |k QUI | ||